000 00753nam a2200181Ia 4500
008 151202s9999||||xx |||||||||||||| ||und||
082 _bPNVM-45664
100 _aबर्वे राजेंद्र.
245 _aझटकून टाक जीवा... नैराश्यावर मात.
260 _b"मनोविकास प्रकाशन,मुंबई."
260 _c0
300 _a94
600 _aबर्वे राजेंद्र.
630 _aझटकून टाक जीवा... नैराश्यावर मात.
700 _aबर्वे राजेंद्र.
730 _aझटकून टाक जीवा... नैराश्यावर मात.
942 _cBOOK
999 _c1311615
_d1311612